[Event "Challenge"]
[Site "http://www.queenalice.com/game.php?id=1759378"]
[Date "2021.5.14"]
[Round "-"]
[White "jpribeiro"]
[Black "ivansm"]
[Result "0-1"]
[WhiteElo "1966"]
[BlackElo "2214"]

1. e4 e5 2. Nf3 Nc6 3. d4 exd4 4. Bc4 h6 5. O-O Bc5 6. c3 dxc3 7. Qd5 Qe7 8.
Nxc3 Nf6 9. Qd3 O-O 10. h3 a6 11. Re1 d6 12. Nd5 Nxd5 13. exd5 Ne5 14. Nxe5 dxe5
15. Be3 Bd6 16. a4 Qf6 17. Ba2 Re8 18. f3 e4 19. fxe4 Qxb2 20. Reb1 Qe5 21. Bd4
Qg5 22. Re1 Bd7 23. Be3 Qg3 24. Kf1 Bc5 25. Rad1 Bb4 26. Re2 Bxa4 27. Bf2 Qxd3
28. Rxd3 Bb5 29. Ree3 Bxd3+ 30. Rxd3 Rxe4 31. d6 Bxd6 32. Bd5 Rb4 0-1

[Event "Challenge"]
[Site "http://www.queenalice.com/game.php?id=1759379"]
[Date "2021.5.14"]
[Round "-"]
[White "ivansm"]
[Black "jpribeiro"]
[Result "1-0"]
[WhiteElo "2235"]
[BlackElo "1849"]

1. e4 e5 2. Nf3 Nf6 3. Nc3 d6 4. h3 c5 5. Bb5+ Bd7 6. d3 Bxb5 7. Nxb5 Qa5+ 8.
Nc3 Be7 9. Bd2 O-O 10. Nd5 Qd8 11. O-O Nxd5 12. exd5 Nd7 13. b3 Bf6 14. c4 e4
15. dxe4 Bxa1 16. Qxa1 Re8 17. Bc3 f6 18. Re1 Ne5 19. Nh4 Nd7 20. Nf5 Ne5 21. f4
Nf7 22. Qb2 Qd7 23. Nxg7 Re7 24. Bxf6 Ne5 25. Bxe7 Qxe7 26. fxe5 Qxg7 27. Qe2
Qxe5 28. Qg4+ Kf7 29. Qf5+ Qxf5 30. exf5 1-0

[Event "Challenge"]
[Site "http://www.queenalice.com/game.php?id=1759463"]
[Date "2021.5.15"]
[Round "-"]
[White "jpribeiro"]
[Black "ivansm"]
[Result "1-0"]
[WhiteElo "1858"]
[BlackElo "2224"]

1. e4 e5 2. Nf3 Nc6 3. d4 exd4 4. Bc4 h6 5. O-O Bc5 6. c3 Qf6 7. e5 Qg6 8. cxd4
Bb6 9. Nh4 Qe4 10. Qf3 Qxf3 11. Nxf3 Nxd4 12. Nxd4 Bxd4 13. Re1 Ne7 14. Nd2 Bb6
15. a4 a6 16. a5 Ba7 17. Nf3 O-O 18. Be3 Nf5 19. Bxa7 Rxa7 20. g4 Ne7 21. h4 Nc6
22. g5 hxg5 23. hxg5 g6 24. Kg2 Kg7 25. Rh1 d6 26. exd6 cxd6 27. Ra4 Be6 28.
Bxe6 fxe6 29. Rah4 Rg8 30. Rh7+ Kf8 31. Rd7 Nxa5 32. Rhh7 Nc4 33. Rhf7+ Ke8 34.
Rde7+ Kd8 35. b3 Nb6 36. Rxe6 Nc8 37. Nh4 a5 38. Nxg6 Re8 39. Ref6 d5 40. Rh7
Rg8 41. f4 d4 42. f5 d3 43. Kf2 Re8 44. Rff7 Re2+ 45. Kf3 Nb6 46. Rh8+ Re8 47.
Rxe8+ Kxe8 48. Rf8+ Kd7 49. Ne5+ Ke7 50. Rf7+ Ke8 51. g6 d2 52. Ke2 d1=Q+ 53.
Kxd1 Nd5 54. g7 Ne7 55. Rf8# 1-0

[Event "Challenge"]
[Site "http://www.queenalice.com/game.php?id=1759464"]
[Date "2021.5.15"]
[Round "-"]
[White "ivansm"]
[Black "jpribeiro"]
[Result "0-1"]
[WhiteElo "2237"]
[BlackElo "1864"]

1. e4 e5 2. Nf3 Nf6 3. Nxe5 d6 4. Nf3 Nxe4 5. Qe2 Qe7 6. d3 Nf6 7. Qxe7+ Bxe7 8.
Be2 O-O 9. O-O c5 10. b3 Nd5 11. a3 Bf6 12. Ra2 Re8 13. c4 Nc7 14. Bf4 Be5 15.
Nxe5 dxe5 16. Bg3 Ne6 17. Bxe5 Nc6 18. Bd6 Ned4 19. b4 Nxe2+ 20. Kh1 cxb4 21.
axb4 Bf5 22. b5 Ncd4 23. Rd1 Rad8 24. Bc7 Rd7 25. b6 axb6 26. Bxb6 Nc6 27. Rad2
Nf4 28. d4 Ra8 29. d5 Ne5 30. g3 Nh5 31. Rd4 Nf3 32. g4 Nxd4 33. Bxd4 Bxg4 34.
Rd2 Ra4 35. Kg2 Bf5 36. Re2 Nf4+ 37. Kf3 Nxe2 0-1

[Event "Challenge"]
[Site "http://www.queenalice.com/game.php?id=1759631"]
[Date "2021.5.16"]
[Round "-"]
[White "jpribeiro"]
[Black "ivansm"]
[Result "0-1"]
[WhiteElo "1898"]
[BlackElo "2204"]

1. e4 e5 2. Nf3 Nc6 3. d4 exd4 4. Bc4 Na5 5. Be2 Bb4+ 6. c3 dxc3 7. O-O cxb2 8.
Bxb2 f6 9. a3 Be7 10. e5 Nc6 11. exf6 Nxf6 12. Nc3 d6 13. Bc4 b6 14. h3 Ne5 15.
Nxe5 dxe5 16. Qb3 Bd6 17. Bf7+ Kf8 18. Bc4 Bb7 19. Rad1 Qe7 20. Rfe1 Re8 21. f3
g6 22. f4 e4 23. a4 Bxf4 24. Rf1 g5 25. Bb5 Rd8 26. Rxd8+ Qxd8 27. Rd1 Qe7 28.
Ne2 Be5 29. Bxe5 Qxe5 30. Rd8+ Kg7 31. Rxh8 Kxh8 32. Qf7 Ng8 33. Bc4 Qg7 34. Qe8
h6 35. Nd4 Qxd4+ 0-1

[Event "Challenge"]
[Site "http://www.queenalice.com/game.php?id=1759632"]
[Date "2021.5.16"]
[Round "-"]
[White "ivansm"]
[Black "jpribeiro"]
[Result "1-0"]
[WhiteElo "2219"]
[BlackElo "1918"]

1. e4 e5 2. Nf3 Nf6 3. Bc4 d6 4. h3 Be7 5. d3 O-O 6. Bg5 h6 7. Bh4 g5 8. Bg3 Nh5
9. O-O Nxg3 10. fxg3 g4 11. hxg4 Bxg4 12. Qd2 Nd7 13. Qxh6 Re8 14. Qg6+ 1-0

[Event "Challenge"]
[Site "http://www.queenalice.com/game.php?id=1759912"]
[Date "2021.5.19"]
[Round "-"]
[White "jpribeiro"]
[Black "ivansm"]
[Result "0-1"]
[WhiteElo "1823"]
[BlackElo "2189"]

1. e4 e5 2. Nf3 Nc6 3. d4 exd4 4. Bc4 h6 5. O-O Bc5 6. c3 Qf6 7. cxd4 Nxd4 8. e5
Nxf3+ 9. gxf3 Qh4 10. Qd5 Qe7 11. Bf4 c6 12. Qe4 f6 13. Qg6+ Kf8 14. Nd2 fxe5
15. Bxe5 d5 16. Rae1 Qg5+ 17. Qxg5 hxg5 18. Bb3 Bh3 19. Rc1 b6 20. Rfe1 Nf6 21.
Bc2 Kf7 22. Nb3 Be7 23. f4 gxf4 24. Bxf4 c5 25. Re2 Bg4 26. Ree1 d4 27. Nd2 Rae8
28. f3 Bh5 29. Bb3+ Kf8 30. Ba4 Rd8 31. Kg2 Nd5 32. Bg3 Bg5 33. Re2 Ne3+ 34. Kf2
g6 35. Ne4 Bh6 36. Rce1 Ke7 37. Bh4+ Ke6 38. Ng5+ Bxg5 39. Bxg5 Rdf8 40. Rxe3+
dxe3+ 41. Rxe3+ Kd5 42. f4 Kd4 43. Re6 Kd3 44. Rd6+ Kc4 45. Bf6 Kb4 46. Bxh8
Rxf4+ 47. Kg3 Rg4+ 48. Kf2 Kxa4 49. Rd3 Kb5 50. Rb3+ Rb4 51. Rxb4+ Kxb4 52. Bc3+
Kc4 53. Ke3 b5 54. Kd2 Bf3 55. b3+ Kd5 56. Ke3 Be4 57. Kf4 b4 58. Bb2 Bd3 59.
Ke3 Bb1 60. a3 Bc2 61. axb4 cxb4 62. Bd4 a6 63. Bb2 Bxb3 64. Kd3 a5 65. Bf6 Kc5
66. Bd4+ Kb5 67. Bb2 a4 68. Bd4 a3 69. Kd2 Be6 0-1

[Event "Challenge"]
[Site "http://www.queenalice.com/game.php?id=1759913"]
[Date "2021.5.19"]
[Round "-"]
[White "ivansm"]
[Black "jpribeiro"]
[Result "1-0"]
[WhiteElo "2201"]
[BlackElo "1901"]

1. e4 e5 2. Nc3 Nf6 3. Bc4 Bc5 4. d3 h6 5. h3 O-O 6. Nf3 Re8 7. Be3 Bxe3 8. fxe3
c6 9. O-O d5 10. exd5 cxd5 11. Bb3 Qb6 12. Qe2 d4 13. Na4 Qc7 14. e4 b5 15. Qd2
bxa4 16. Bxa4 Bd7 17. Bb3 Na6 18. Nh4 Nc5 19. Bc4 Be6 20. Bb5 Reb8 21. a4 a6 22.
b4 Ncd7 23. Bxd7 Nxd7 24. Nf5 Bxf5 25. Rxf5 Qc3 26. Qxc3 dxc3 27. Rb1 g6 28.
Rff1 Rb7 29. Rb3 Rc8 30. Ra1 Nb8 31. Raa3 Rbc7 32. b5 axb5 33. axb5 Kf8 34. b6
Rc6 35. b7 Rd8 36. Rxc3 Rxc3 37. Rxc3 Ke7 38. Kf2 Kd7 39. Ke3 Nc6 40. Rb3 Rb8
41. c3 Kc7 42. d4 exd4+ 43. cxd4 Na5 44. Rc3+ Kxb7 45. d5 Rd8 46. Kd4 Kb6 47. e5
Rd7 48. g4 Rc7 49. e6 Rxc3 50. Kxc3 Kc7 51. exf7 1-0

[Event "Challenge"]
[Site "http://www.queenalice.com/game.php?id=1761338"]
[Date "2021.6.4"]
[Round "-"]
[White "jpribeiro"]
[Black "ivansm"]
[Result "0-1"]
[WhiteElo "1747"]
[BlackElo "2188"]

1. e4 c5 2. Nf3 Nc6 3. d4 cxd4 4. Bc4 e6 5. Nxd4 Qf6 6. c3 Bc5 7. Be3 Nge7 8.
Nc2 Bxe3 9. Nxe3 O-O 10. O-O a6 11. a4 Qg6 12. Qg4 b6 13. Qxg6 Nxg6 14. Nd2 Bb7
15. f4 Na5 16. Bd3 Nc6 17. g3 f6 18. h4 Nce7 19. h5 Nh8 20. g4 h6 21. Ndc4 Nc8
22. b4 Nf7 23. Rae1 Nfd6 24. Nxd6 Nxd6 25. Nc4 Nxc4 26. Bxc4 Rac8 27. Be2 Rxc3
28. Bf3 Bc6 29. Kg2 Bxa4 30. Rc1 Rfc8 31. Rxc3 Rxc3 32. Bd1 Bc6 33. Re1 Rc1 34.
Kf2 Bxe4 35. Rxe4 Rxd1 36. Ke2 Rd5 37. Ke3 Kf7 38. Ke2 d6 39. Ke3 f5 40. gxf5
Rxf5 41. Rc4 Rxh5 42. Rc7+ Kf6 43. Rc6 Rb5 44. Rc4 Kf5 45. Kf3 d5 46. Rd4 a5 47.
bxa5 bxa5 48. Rd3 a4 0-1

[Event "Challenge"]
[Site "http://www.queenalice.com/game.php?id=1761463"]
[Date "2021.6.6"]
[Round "-"]
[White "jpribeiro"]
[Black "ivansm"]
[Result "0-1"]
[WhiteElo "1767"]
[BlackElo "2213"]

1. e4 g6 2. d4 Bg7 3. Nf3 d6 4. Bc4 Bg4 5. Be3 Nf6 6. Nbd2 O-O 7. h3 Bd7 8. a4
Nc6 9. O-O a5 10. c3 e6 11. e5 dxe5 12. dxe5 Ne8 13. Bc5 Nxe5 14. Nxe5 Bxe5 15.
Bxf8 Kxf8 16. Qe2 Bg7 17. Ne4 Qe7 18. b3 f5 19. Nd2 Bxc3 20. Rae1 Ng7 21. Qe3
Bb4 22. Re2 Rd8 23. Nf3 Bc6 24. Ng5 Kg8 25. Nxe6 Nxe6 26. Bxe6+ Kf8 27. Qe5 Qg7
28. Qxg7+ Kxg7 29. Bc4 Bd6 30. Rfe1 Bb4 31. Rf1 Be4 32. f3 Bc6 33. Kh2 Kh6 34.
Re3 Rd2 35. Rd3 Bd6+ 36. Kh1 Rc2 37. Kg1 Kg5 38. Rfd1 Kh4 39. Kh1 Bf4 40. Rd4
Kg3 41. Rd8 Rxg2 42. R8d4 Bxf3 0-1

[Event "Challenge"]
[Site "http://www.queenalice.com/game.php?id=1762491"]
[Date "2021.6.17"]
[Round "-"]
[White "jpribeiro"]
[Black "ivansm"]
[Result "0-1"]
[WhiteElo "1781"]
[BlackElo "2187"]

1. e4 e5 2. Nf3 Nc6 3. d4 exd4 4. Bc4 h6 5. O-O Bc5 6. c3 Qf6 7. e5 Qd8 8. cxd4
Bb6 9. d5 Nb8 10. Re1 Ne7 11. d6 Ng6 12. Qd5 O-O 13. Qe4 Kh8 14. h4 cxd6 15. h5
Nxe5 16. Nxe5 dxe5 17. Qxe5 d6 18. Qe7 Nc6 19. Qxd8 Rxd8 20. Bxf7 Rf8 21. Re8
Rxe8 22. Bxe8 Nd4 23. Nc3 Nc2 24. Rb1 Bf5 25. Bg6 Bxg6 26. hxg6 Rf8 27. Nd1 Rf6
28. Ne3 Nxe3 29. Bxe3 Bxe3 30. fxe3 Rxg6 31. Rf1 Kg8 32. Kh2 Rf6 33. Rxf6 gxf6
34. g4 a5 35. Kg3 Kf7 36. Kf4 Ke6 37. e4 b5 38. Ke3 Ke5 39. Kf3 b4 0-1

[Event "Challenge"]
[Site "http://www.queenalice.com/game.php?id=1762492"]
[Date "2021.6.17"]
[Round "-"]
[White "ivansm"]
[Black "jpribeiro"]
[Result "0-1"]
[WhiteElo "2172"]
[BlackElo "1858"]

1. e4 e5 2. Nf3 Nf6 3. Nc3 d6 4. h3 Be7 5. Bc4 O-O 6. O-O c5 7. d3 h6 8. Nd5
Nxd5 9. Bxd5 Qc7 10. b3 Bd7 11. Bb2 Bc6 12. c4 Bxd5 13. exd5 Nd7 14. Qd2 f5 15.
Rfe1 Rae8 16. Re2 Bf6 17. Rae1 e4 18. dxe4 Bxb2 19. Qxb2 fxe4 20. Rxe4 Rxe4 21.
Rxe4 Nf6 22. Re6 Rf7 23. Nh4 Re7 24. Nf5 Rxe6 25. dxe6 Ne8 26. e7 Kf7 27. Qe2
Qd7 28. g4 Qe6 29. Qxe6+ Kxe6 30. f4 g6 31. Nxh6 Kxe7 32. Kf2 Kf6 33. g5+ Ke6
34. Ke3 Ng7 35. h4 Nf5+ 36. Nxf5 Kxf5 37. Kf3 a6 38. a3 b5 39. Ke3 bxc4 40. b4
c3 41. Kd3 cxb4 42. axb4 c2 43. Kxc2 Kxf4 44. h5 Kxg5 45. hxg6 Kxg6 46. Kc3 Kf6
47. Kd4 Ke6 48. Ke4 d5+ 49. Kd4 Kd6 50. Kc3 Ke5 51. Kd3 d4 0-1

[Event "Challenge"]
[Site "http://www.queenalice.com/game.php?id=1762597"]
[Date "2021.6.18"]
[Round "-"]
[White "jpribeiro"]
[Black "ivansm"]
[Result "0-1"]
[WhiteElo "1851"]
[BlackElo "2190"]

1. e4 e5 2. Nf3 Nc6 3. d4 exd4 4. Bc4 Bb4+ 5. c3 dxc3 6. O-O Nge7 7. bxc3 Bc5 8.
Re1 O-O 9. a4 d6 10. h3 Ne5 11. Nxe5 dxe5 12. Qxd8 Rxd8 13. Kf1 Kf8 14. Ba3 Bxa3
15. Nxa3 a6 16. Reb1 b6 17. Rd1 Bb7 18. Rxd8+ Rxd8 19. Ke2 Bxe4 20. f3 Bb7 21.
Rd1 Rxd1 22. Kxd1 Ng6 23. Nc2 Nf4 24. Ne1 f6 25. Kd2 Ke7 26. Bf1 Kd6 27. Nd3
Nxd3 28. Bxd3 h6 29. Ke3 Kc5 30. Kd2 c6 31. Ke3 a5 32. Ke4 Bc8 33. Ke3 b5 34.
Bc2 Kc4 35. Kd2 b4 0-1

[Event "Challenge"]
[Site "http://www.queenalice.com/game.php?id=1762598"]
[Date "2021.6.18"]
[Round "-"]
[White "ivansm"]
[Black "jpribeiro"]
[Result "0-1"]
[WhiteElo "2143"]
[BlackElo "1996"]

1. e4 e5 2. Nf3 Nf6 3. Nxe5 d6 4. Nf3 Nxe4 5. Qe2 Qe7 6. d3 Nf6 7. Bg5 Qxe2+ 8.
Bxe2 Be7 9. O-O O-O 10. Nc3 Bg4 11. Rfe1 Nbd7 12. Nd4 Bxe2 13. Rxe2 Rfe8 14.
Rae1 Bf8 15. Ncb5 Rec8 16. b4 a6 17. Nc3 c5 18. bxc5 dxc5 19. Nf5 c4 20. d4 h6
21. Bh4 g6 22. Ne7+ Bxe7 23. Rxe7 Re8 24. Bxf6 Nxf6 25. Rxe8+ Nxe8 26. Nd5 Rd8
27. Rxe8+ Rxe8 28. Nf6+ Kf8 29. Nxe8 Kxe8 30. c3 Ke7 31. Kf1 Ke6 32. Ke2 Kd5 33.
Ke3 f5 34. f4 Ke6 35. g3 h5 36. h3 b5 37. a3 Kd5 38. Kf3 Ke6 39. g4 Kd5 40. gxf5
gxf5 41. Ke3 Ke6 0-1

[Event "Challenge"]
[Site "http://www.queenalice.com/game.php?id=1763404"]
[Date "2021.7.1"]
[Round "-"]
[White "jpribeiro"]
[Black "ivansm"]
[Result "1/2-1/2"]
[WhiteElo "1865"]
[BlackElo "2192"]

1. e4 d5 2. exd5 Qxd5 3. Nc3 Qd8 4. d4 Nf6 5. Nf3 Bg4 6. Be2 Nc6 7. O-O Nd5 8.
Nxd5 Qxd5 9. c4 Qf5 10. h3 Bxf3 11. Bxf3 Qd7 12. Be3 g6 13. Rc1 Bg7 14. d5 Ne5
15. Be2 O-O 16. Bd4 f6 17. f4 Nf7 18. Bg4 f5 19. Be2 e5 20. fxe5 Nxe5 21. Kh1
Rfe8 22. Bc3 Rad8 23. Qb3 b6 24. Rcd1 Qc8 25. Qc2 c5 26. dxc6 Qxc6 27. Rxd8 Rxd8
28. b3 a5 29. Rd1 Rd6 30. Rxd6 Qxd6 31. Qd2 Qxd2 32. Bxd2 Kf7 33. Bc3 Nc6 34.
Bxg7 Kxg7 35. Kg1 Nb4 36. a3 Nc2 37. a4 Nd4 38. Bd1 Kf6 39. Kf2 Ke5 40. Ke3 h6
41. g3 g5 42. Kd3 Nc6 43. Bf3 Nb4+ 44. Kc3 Na2+ 45. Kb2 Nb4 46. Kc3 Na2+ 47. Kb2
Nb4 48. Kc3 1/2-1/2

[Event "Challenge"]
[Site "http://www.queenalice.com/game.php?id=1763485"]
[Date "2021.7.1"]
[Round "-"]
[White "jpribeiro"]
[Black "ivansm"]
[Result "0-1"]
[WhiteElo "1795"]
[BlackElo "2171"]

1. e4 e5 2. Nf3 Nc6 3. d4 exd4 4. Bc4 Bb4+ 5. c3 dxc3 6. O-O h6 7. a3 Bc5 8. Qd5
Qe7 9. Nxc3 Nf6 10. Qd3 O-O 11. b4 Bb6 12. Be3 Bxe3 13. Qxe3 d6 14. Rfe1 Bg4 15.
h3 Be6 16. Bxe6 fxe6 17. e5 Nxe5 18. Nxe5 dxe5 19. Qxe5 Rfe8 20. Nb5 Nd5 21.
Rad1 a6 22. Nd4 c6 23. Nxe6 Qf6 24. Qxf6 Nxf6 25. Nc5 Rxe1+ 26. Rxe1 b6 27. Nd3
Rd8 28. Ne5 Re8 29. Kf1 c5 30. Nd3 Rxe1+ 31. Kxe1 cxb4 32. Nxb4 a5 33. Nd3 Nd5
34. Kd2 Kf7 35. g3 Ke6 36. Kc2 Kf5 37. Kd2 g5 38. f3 h5 39. Nf2 b5 40. Kd3 a4
41. Kc2 b4 0-1

[Event "AUTO-MASTER-3017"]
[Site "http://www.queenalice.com/game.php?id=1766210"]
[Date "2021.8.5"]
[Round "2"]
[White "Vedovanera"]
[Black "ivansm"]
[Result "1-0"]
[WhiteElo "2275"]
[BlackElo "2151"]

1. e4 e5 2. Nf3 Nc6 3. d4 exd4 4. Bc4 Bb4+ 5. c3 dxc3 6. O-O d6 7. Qb3 Qe7 8.
Bb5 Be6 9. Bxc6+ bxc6 10. Qxb4 Nf6 11. Qxc3 c5 12. Re1 O-O 13. h3 Nd7 14. Qc2 f6
15. Nc3 Rab8 16. b3 Ne5 17. Re3 Nxf3+ 18. Rxf3 Qe8 19. Bd2 Qg6 20. Rg3 Qh5 21.
Re1 Bd7 22. Nd5 1-0

[Event "AUTO-MASTER-3017"]
[Site "http://www.queenalice.com/game.php?id=1766211"]
[Date "2021.8.5"]
[Round "2"]
[White "ivansm"]
[Black "Vedovanera"]
[Result "0-1"]
[WhiteElo "2182"]
[BlackElo "2207"]

1. e4 c5 2. Nf3 e6 3. d4 cxd4 4. Nxd4 a6 5. Bc4 Nf6 6. Nc3 Bb4 7. Bd2 Qb6 8. Qe2
Qxd4 9. f3 b5 10. Bd3 Nc6 11. a3 Bxc3 12. Bxc3 Qb6 13. O-O-O e5 14. Qd2 O-O 15.
h4 a5 16. Qe2 b4 17. axb4 axb4 18. Bd2 Ra1# 0-1

[Event "AUTO-MASTER-3017"]
[Site "http://www.queenalice.com/game.php?id=1766212"]
[Date "2021.8.5"]
[Round "2"]
[White "noroc"]
[Black "ivansm"]
[Result "1-0"]
[WhiteElo "2148"]
[BlackElo "2214"]

1. e4 e5 2. Nf3 Nc6 3. Bc4 Nf6 4. Ng5 d5 5. exd5 Nxd5 6. Nxf7 Kxf7 7. Qf3+ Ke8
8. Bxd5 Qf6 9. Bxc6+ bxc6 10. Qh5+ g6 11. Qe2 Kf7 12. Nc3 Bd6 13. d3 Re8 14. Ne4
Qf5 15. h4 Be6 16. h5 gxh5 17. Rxh5 Qg6 18. Rg5 1-0

[Event "AUTO-MASTER-3017"]
[Site "http://www.queenalice.com/game.php?id=1766213"]
[Date "2021.8.5"]
[Round "2"]
[White "ivansm"]
[Black "noroc"]
[Result "0-1"]
[WhiteElo "2200"]
[BlackElo "2182"]

1. e4 e5 2. Nf3 Nc6 3. Bc4 Nf6 4. Nc3 Bc5 5. O-O O-O 6. d3 d6 7. Bg5 Be6 8. Nd5
Bxd5 9. Bxd5 h6 10. Bh4 g5 11. Bg3 Nh5 12. Kh1 Ne7 13. Bb3 c6 14. h3 Nxg3+ 15.
fxg3 a5 16. a3 Qb6 17. Qe2 a4 18. Ba2 Qxb2 19. Nh2 d5 20. Ng4 f6 21. exd5 Kg7
22. dxc6 bxc6 23. Bc4 Rab8 24. Rab1 Qxb1 25. Rxb1 Rxb1+ 26. Kh2 Bg1+ 27. Kh1 Nf5
28. Qf3 Bf2+ 29. Kh2 Bxg3+ 30. Qxg3 Nxg3 31. Kxg3 Ra1 32. Ne3 Rxa3 33. Kf3 Rd8
34. Nf5+ Kh7 35. Be6 Rc3 0-1